000 01048nam a22003257i 4500
003 EG-GICUC
005 20260429085910.0
008 260429b1996 fr ||||fr|||| 00| 0 fre d
040 _aEG-GiCUC
_bfre
_cEG-GiCUC
_dEG-GiCUC
_eRda
041 _afre
082 0 4 _221
_a343.5
_bPA . A
092 0 4 _221
099 _aLaw1 10 343.5 PA . A 1939
100 1 _aPacha,Abdel Hamid Badaoui
_eAuteur
245 1 0 _aActes De La Conference:
_cAbdel Hamid Badaoui Pacha,Vespasien Pella,Abdel Fattah El-sayed Bey.
264 _aParis:
_bEditions A. Pedone,
_c1939.
300 _a485 page ;
_c 24 cm.
336 _2rda contenu
_a texte
337 _2rda medias
_aOrdinateur
338 _2 transporteur rda
_a Ressource en ligne
546 _aTexte en français
650 1 _aDroit pénal
_2qrmak
650 1 _aActes
_2qrmak
651 1 _2qrmak
700 1 _aPella,Vespasien
_eAnnotateur
700 1 _aBey,Abdel Fattah El-sayed
_eAnnotateur
856 4 0 _uhttps://fll.law.cu.edu.eg/fulltext/bks/B10-10349.pdf
905 _a72
942 _2ddc
_cBK
_e21
_n0
999 _c74034
_d74034